Statistiques concernant Ducs de Bretagne.

Cliquez ici pour prendre le quiz!

Statistiques générales

  • Ce quiz a été pris 130 fois
  • Le résultat moyen est 22 sur 47

Statistiques - réponses

DynastieRègneSouverain% Correct
Montfort1488 - 1514Anne
88%
Dreux1221 - 1286Jean Ier
78%
Dreux1286 - 1305Jean II
78%
Montfort1341 - 1345Jean II
78%
Dreux1312 - 1341Jean III
78%
Montfort1357 - 1364Jean III
78%
Montfort1365 - 1399Jean IV
78%
Montfort1399 - 1442Jean V
78%
Valois1499 - 1514Louis XII
76%
Blois1341 - 1364Charles
75%
Montfort1442 - 1450François Ier
75%
Montfort1458 - 1488François II
75%
Valois1524 - 1536François III
75%
Valois1491 - 1498Charles VIII
75%
Valois1515 - 1524François Ier
75%
Valois1536 - 1547Henri
74%
Dreux1213 - 1237Pierre Ier
48%
Montfort1450 - 1457Pierre II
48%
Plantagenêt1196 - 1203Arthur Ier
45%
Dreux1305 - 1312Arthur II
45%
Montfort1457 - 1458Arthur III
45%
Vannes845 - 851Nominoë
44%
Valois1514 - 1524Claude
43%
Vannes890 - 907Alain Ier
40%
Nantes936 - 952Alain II
40%
Rennes1008 - 1040Alain III
40%
Nantes988 - 990Alain III
40%
Cornouaille1084 - 1115Alain IV
40%
Penthièvre1341 - 1364Jeanne
40%
Flandres1341 - 1364Jeanne
40%
Vannes851 - 857Erispoë
35%
Vannes857 - 874Salomon
31%
Rennes990 - 992Conan Ier
29%
Rennes1040 - 1066Conan II
29%
Cornouaille1115 - 1148Conan III
29%
Penthièvre1156 - 1166Conan IV
29%
Plantagenêt1181 - 1186Geoffroy II
24%
Rennes992 - 1008Geoffroi Ier
23%
Thouars1199 - 1201Guy
23%
Thouars1203 - 1221Alix
18%
Nantes960 - 981Hoël Ier
18%
Cornouaille1066 - 1084Hoël II
18%
Penthièvre1166 - 1201Constance
16%
Nantes952 - 958Drogon
10%
Cornouaille1148 - 1156Berthe
9%
Cornouaille907 - 913Gourmaëlon
6%
Nantes981 - 988Guérech
6%

Distribution des résultats

Percentile par nombre de réponses

% des personnes avec chaque résultat

Votre développement - résultats

Vous n’avez pas pris ce quiz